000 00552cam a2200193ua 4500
001 10889
005 20260515114655.0
008 190507n ii |||gr||||Z||||||eng
020 _a8171699685
040 _cMAIN
082 _a320.03
100 _aArchna Chaturvedi,
_eAuthor.
245 _aEncyclopaedia of political science :
_bIndian political system volume-7 /
_cBy Archna Chaturvedi .
250 _a1st ed. /
_bV.VII.
260 _aNew Delhi:
_bCommonwealth publishers,
_c2017.
300 _a321p.
653 _aPolitical science
942 _cBK
999 _c9835
_d9835